Statistics for Largest Cities Containing 'B'

Click here to take the quiz!

General Stats

  • This quiz has been taken 281 times
  • The average score is 15 of 20

Answer Stats

PopulationCountryCity% Correct
21,100,000ChinaBeijing
98%
16,900,000ThailandBangkok
96%
9,350,000ColombiaBogotá
96%
4,650,000SpainBarcelona
93%
6,850,000IraqBaghdad
92%
23,200,000IndiaMumbai
92%
14,300,000TurkeyIstanbul
90%
7,350,000United StatesBoston
88%
13,400,000South AfricaJohannesburg
87%
5,200,000KenyaNairobi
85%
5,450,000RussiaSaint Petersburg
81%
10,500,000IndiaBengaluru
76%
4,675,000Sri LankaColombo
74%
4,925,000BrazilBelo Horizonte
69%
9,000,000IndiaHyderabad
65%
5,050,000Cote d'IvoireAbidjan
62%
7,450,000IndiaAhmedabad
60%
5,950,000IndonesiaBandung
51%
4,700,000IndonesiaSurabaya
46%
5,150,000ChinaHarbin
35%

Score Distribution

Percentile by Number Answered

Percent of People with Each Score

Your Score History

You have not taken this quiz